00349nam a22001457a 4500003000400000005001700004008004100021020001800062040000900080082001900089100001600108245003500124260003700159300000700196OSt20260309105332.0260309b |||||||| |||| 00| 0 eng d a9788194416012 coclc a892.709bJAL/A aJaleel, T K aAl Andiya in arabic Literature aCalicut:bArabnet Books, c2019. a90